The family companion, or a book of sermons on various subjects. (Record no. 12018)

000 -LEADER
fixed length control field 00591nam a2200181 a 4500
001 - CONTROL NUMBER
control field :::00009820$&:&@@
003 - CONTROL NUMBER IDENTIFIER
control field OkBaRHE
005 - DATE AND TIME OF LATEST TRANSACTION
control field 20000607103353.0
008 - FIXED-LENGTH DATA ELEMENTS--GENERAL INFORMATION
fixed length control field s1860 j 000 0 eng u
040 ## - CATALOGING SOURCE
Transcribing agency
100 1# - MAIN ENTRY--PERSONAL NAME
Personal name Goodwin, Elijah.
245 14 - TITLE STATEMENT
Title The family companion, or a book of sermons on various subjects.
260 ## - PUBLICATION, DISTRIBUTION, ETC. (IMPRINT)
Place of publication, distribution, etc Cincinnati, OH., :
Name of publisher, distributor, etc Moore, Wilstach, Keys and Overend
Date of publication, distribution, etc 1860
300 ## - PHYSICAL DESCRIPTION
Extent 406 p. ;
Dimensions 23 cm.
650 ## - SUBJECT ADDED ENTRY--TOPICAL TERM
Topical term or geographic name as entry element Sermons, American
942 ## - ADDED ENTRY ELEMENTS (KOHA)
Source of classification or shelving scheme
Koha item type Books
Copies
Koha item type Permanent Location Date acquired Full call number Lost status Price effective from Date last seen Copy number Damaged status Withdrawn status Source of classification or shelving scheme Barcode Not for loan Shelving location
BooksRHEMA Bible Training College2010-04-14BV 4241 .G6F3 2010-04-142010-04-141   9820 General Stacks